आईत्मसिद्धा / (Record no. 14197)

MARC details
000 -LEADER
fixed length control field 01003nam a22002417a 4500
005 - DATE AND TIME OF LATEST TRANSACTION
control field 20080703121348.0
008 - FIXED-LENGTH DATA ELEMENTS--GENERAL INFORMATION
fixed length control field 080703t xxu||||| |||| 00| f hin d
010 ## - LIBRARY OF CONGRESS CONTROL NUMBER
LC control number HIN-83731
020 ## - INTERNATIONAL STANDARD BOOK NUMBER
Terms of availability 80.00
International Standard Book Number 8181130197
035 ## - SYSTEM CONTROL NUMBER
System control number HN-56077
037 ## - SOURCE OF ACQUISITION
Source of stock number/acquisition DBAD / PUB
040 ## - CATALOGING SOURCE
Original cataloging agency DPL
Language of cataloging HN
082 ## - DEWEY DECIMAL CLASSIFICATION NUMBER
Classification number
100 ## - MAIN ENTRY--PERSONAL NAME
Personal name परदेशी
245 ## - TITLE STATEMENT
Title आईत्मसिद्धा /
Statement of responsibility, etc परदेशी
246 ## - VARYING FORM OF TITLE
Title proper/short title Aatamsiddha
Remainder of title Pardeshi
260 ## - PUBLICATION, DISTRIBUTION, ETC. (IMPRINT)
Place of publication, distribution, etc दिल्ली
Name of publisher, distributor, etc गंगा प्रकाशन
Date of publication, distribution, etc 2007
270 ## - ADDRESS
Address 518/6-बी, कड़कड़ी रोड, विश्वास नगर, शाहदरा
City दिल्ली
Postal code 110032
300 ## - PHYSICAL DESCRIPTION
Extent 72पृ
Dimensions 22सेमी(सजिल्द)
650 ## - SUBJECT ADDED ENTRY--TOPICAL TERM
Topical term or geographic name as entry element Hindi Novels
942 ## - ADDED ENTRY ELEMENTS (KOHA)
Source of classification or shelving scheme Dewey Decimal Classification
Koha item type Hindi Books
Classification part
Call number suffix परदे
Holdings
Withdrawn status Lost status Damaged status Not for loan Collection code Home library Current library Date acquired Source of acquisition Cost, normal purchase price Total Checkouts Full call number Barcode Date last seen Copy number Cost, replacement price Price effective from Koha item type
      Not For Loan Non-fiction D.B.Act.Division D.B.Act.Division 03/07/2008 पु.प्र.अ.प्र /प्रका 80.00   उ परदे HN-56077 15/09/2008 1 80.00 15/09/2008 Hindi Books

© Delhi Public Library
Hit Counter
free hit counter